000
00329nam a2200145Ia 4500
008
230917s9999||||xx |||||||||||||| ||und||
040
_e
40554
_a
MAIN
041
_a
English
082
_a
823.7 D555B:D
100
_a
Butt, John
245
0
_a
Dickens at work
260
_a
London
_b
Methuen
_c
1968
300
_a
238 p.
942
_c
BK
999
_c
60291
_d
60291